000 00495 a2200181 4500
003 OSt
005 20231206113833.0
008 231206b |||||||| |||| 00| 0 eng d
020 _a9789357321693
040 _coclc
082 _a894.8123
_bPRA/P
100 _aPrasanth, K N
_98014
245 _aPathiraaleela /
_cK.N. Prasanth
250 _a1st ed.
260 _aKottayam:
_bD C Books,
_c2023.
300 _a136p.
942 _2ddc
_cBK
_h894.8123
_iPRA/P
_k894.8123
_mPRA/P
999 _c44006
_d44006